000 00494nam a2200169Ia 4500
008 240729s9999 xx 000 0 und d
022 _a2632-1009
245 0 _aBMJ Health & Care Informatics
260 _aUnited Kingdom
260 _bBMJ Publishing Group
650 _a Computer applications to medicine. Medical informatics
650 _a Medicine (General)
650 _aMedicine
856 _uhttps://doaj.org/toc/36b1f7a71f544b4eb155109c7fceb672
942 _2ddc
942 _cDOAJEJ
999 _c67164
_d67164
945 _a1
_bMadushi Gamage
_c1
_dMadushi Gamage